[Event "Titled Tuesday intern op 27th Jun Early"]
[Site "Chess.com INT"]
[Date "2023.06.27"]
[Round "3"]
[White "Andreev, Konstantin"]
[Black "Cezila, Rubens Jr"]
[Result "1/2-1/2"]
[WhiteElo "2241"]
[BlackElo "2314"]
[PlyCount "38"]
[EventDate "2023.06.27"]
[EventType "swiss (blitz)"]
[EventRounds "11"]
[EventCountry "USA"]
[SourceTitle "EXT 2024"]
[Source "ChessBase"]
[SourceDate "2023.10.10"]
[SourceVersion "1"]
[SourceVersionDate "2023.10.10"]
[SourceQuality "1"]

1. e4 c6 2. d4 d5 3. e5 Bf5 4. Nf3 e6 5. Be2 Nd7 6. 0-0 Bg6 7. a4 a6 8. a5 Rc8 9. Nbd2 Nh6 10. Nb3 Nf5 11. c3 h6 12. Bd2 Be7 13. g4 Nh4 14. Nxh4 Bxh4 15. f4 Be4 16. Bf3 Bd3 17. Be2 Be4 18. Bf3 Bd3 19. Be2 Be4 1/2-1/2

[Event "Titled Tuesday intern op 27th Jun Early"]
[Site "Chess.com INT"]
[Date "2023.06.27"]
[Round "5"]
[White "Cezila, Rubens Jr"]
[Black "Henriquez Villagra, Cristobal"]
[Result "0-1"]
[WhiteElo "2314"]
[BlackElo "2618"]
[PlyCount "78"]
[EventDate "2023.06.27"]
[EventType "swiss (blitz)"]
[EventRounds "11"]
[EventCountry "USA"]
[SourceTitle "EXT 2024"]
[Source "ChessBase"]
[SourceDate "2023.10.10"]
[SourceVersion "1"]
[SourceVersionDate "2023.10.10"]
[SourceQuality "1"]

1. c4 d6 2. Nc3 e5 3. d3 f5 4. Nf3 Nf6 5. Bg5 Be7 6. g3 0-0 7. Bg2 a5 8. 0-0 c6 9. Rb1 Be6 10. a3 Nbd7 11. b4 axb4 12. axb4 h6 13. Bd2 d5 14. cxd5 cxd5 15. d4 e4 16. Ne1 Nb6 17. Nc2 Rc8 18. Ra1 Nc4 19. Na4 b6 20. Bf4 g5 21. Be5 Ng4 22. e3 Bd7 23. Na3 Bxb4 24. h3 Ngxe5 25. dxe5 Bxa4 26. Qxa4 Bxa3 27. Rxa3 Nxa3 28. Qxa3 Re8 29. Rd1 Rc5 30. g4 Rxe5 31. gxf5 Rxf5 32. Bxe4 Re5 33. Bf3 Qf6 34. Qa8+ Qf8 35. Qa1 Rf5 36. Bg2 Kh7 37. e4 Rxf2 38. exd5 Rxg2+ 39. Kxg2 Rc2+ 0-1

[Event "Titled Tuesday intern op 16th May Early"]
[Site "Chess.com INT"]
[Date "2023.05.16"]
[Round "7"]
[White "Cezila, Rubens Jr"]
[Black "Martin Fuentes, Alberto"]
[Result "0-1"]
[WhiteElo "2314"]
[BlackElo "2388"]
[PlyCount "76"]
[EventDate "2023.05.16"]
[EventType "swiss (blitz)"]
[EventRounds "11"]
[EventCountry "USA"]
[SourceTitle "CBM 214 Extra"]
[Source "ChessBase"]
[SourceDate "2023.07.31"]
[SourceVersion "1"]
[SourceVersionDate "2023.07.31"]
[SourceQuality "1"]

1. c4 Nf6 2. Nc3 c5 3. g3 Nc6 4. Nd5 e6 5. Nxf6+ Qxf6 6. Bg2 g6 7. e3 Bg7 8. Ne2 0-0 9. 0-0 Rb8 10. Nc3 Qe7 11. d3 d6 12. a4 Bd7 13. Qe2 b6 14. Bd2 Rfd8 15. f4 Na5 16. Ra3 Bc6 17. Be1 Bxg2 18. Qxg2 Qb7 19. Qe2 Nc6 20. g4 d5 21. cxd5 exd5 22. Nd1 Re8 23. Qg2 Rbd8 24. f5 Qe7 25. g5 gxf5 26. Rxf5 Qe6 27. Rf4 Ne5 28. Bg3 Qg6 29. e4 dxe4 30. Rxe4 Qxg5 31. Ne3 Ng6 32. h4 Qf6 33. h5 Rxe4 34. dxe4 Nf4 35. Bxf4 Qxf4 36. h6 Qxh6 37. Nd5 Kh8 38. Rg3 Qc1+ 0-1

[Event "Titled Tuesday intern op 16th May Early"]
[Site "Chess.com INT"]
[Date "2023.05.16"]
[Round "9"]
[White "Cezila, Rubens Jr"]
[Black "Singh, Ojasva"]
[Result "1-0"]
[WhiteElo "2314"]
[BlackElo "2328"]
[PlyCount "77"]
[EventDate "2023.05.16"]
[EventType "swiss (blitz)"]
[EventRounds "11"]
[EventCountry "USA"]
[SourceTitle "CBM 214 Extra"]
[Source "ChessBase"]
[SourceDate "2023.07.31"]
[SourceVersion "1"]
[SourceVersionDate "2023.07.31"]
[SourceQuality "1"]

1. c4 c6 2. Nc3 d5 3. e3 Nf6 4. Nf3 e6 5. b3 Nbd7 6. Bb2 Bd6 7. Rc1 Qe7 8. g3 0-0 9. Bg2 dxc4 10. bxc4 e5 11. d3 Nc5 12. 0-0 Bf5 13. e4 Bg4 14. h3 Bxf3 15. Bxf3 Rad8 16. Rc2 Ne6 17. Ne2 Bc5 18. h4 Nd4 19. Bxd4 Bxd4 20. Qb1 Bb6 21. Rd1 Nd7 22. Nc1 Nc5 23. Bg2 f5 24. exf5 Rxf5 25. Nb3 Ne6 26. Bh3 Rf3 27. Bxe6+ Qxe6 28. c5 Bc7 29. Re2 Rdf8 30. Nd4 Qg4 31. Nxf3 Rxf3 32. Qxb7 Bd8 33. Qxc6 h6 34. Qd5+ Kh7 35. Qxd8 Rxg3+ 36. fxg3 Qxe2 37. Rf1 Qe3+ 38. Kg2 Qe2+ 39. Rf2 1-0

[Event "Titled Tuesday intern op 16th May Early"]
[Site "Chess.com INT"]
[Date "2023.05.16"]
[Round "8"]
[White "Sebag, Marie"]
[Black "Cezila, Rubens Jr"]
[Result "1/2-1/2"]
[WhiteElo "2430"]
[BlackElo "2314"]
[PlyCount "118"]
[EventDate "2023.05.16"]
[EventType "swiss (blitz)"]
[EventRounds "11"]
[EventCountry "USA"]
[SourceTitle "CBM 214 Extra"]
[Source "ChessBase"]
[SourceDate "2023.07.31"]
[SourceVersion "1"]
[SourceVersionDate "2023.07.31"]
[SourceQuality "1"]

1. c4 Nf6 2. Nc3 g6 3. g3 Bg7 4. Bg2 0-0 5. Nf3 d6 6. 0-0 Nbd7 7. d4 c6 8. b3 e5 9. Bb2 Re8 10. e3 Qc7 11. Rc1 Nf8 12. Re1 h5 13. Qc2 Bg4 14. h3 Bf5 15. e4 Bd7 16. d5 c5 17. Nb5 Qb8 18. a3 N8h7 19. b4 a6 20. Nc3 b6 21. Rb1 Rf8 22. Bc1 Qc7 23. bxc5 bxc5 24. Bd2 Ne8 25. Rb2 f5 26. Reb1 Ra7 27. Nh4 Rf6 28. exf5 gxf5 29. Rb8 Bf8 30. Qd1 Ng7 31. Qb3 Ne8 32. Rb7 Rxb7 33. Qxb7 Be7 34. Qxc7 Nxc7 35. Rb7 Bd8 36. Rb8 Rf8 37. Bf3 Bxh4 38. Rxf8+ Kxf8 39. gxh4 Nf6 40. Bg5 Nce8 41. Bd1 Kg7 42. f4 e4 43. Kf2 Kg6 44. Ke3 Ng7 45. Na4 Bxa4 46. Bxa4 Kf7 47. Bc6 Ke7 48. Bb7 a5 49. a4 Nge8 50. Bc6 Ng7 51. Bb5 Kf7 52. Ba6 Ke7 53. Bc8 Kf7 54. Bh6 Nfe8 55. Bd7 Ke7 56. Bc8 Kf7 57. Bg5 Nf6 58. Bb7 Ke7 59. Bc8 Kf7 1/2-1/2

[Event "Speed Chess Super Swiss"]
[Site "Chess.com INT"]
[Date "2020.10.03"]
[Round "2"]
[White "Cezila, Rubens Jr"]
[Black "Barrionuevo, Pablo"]
[Result "0-1"]
[WhiteElo "2314"]
[BlackElo "2259"]
[PlyCount "114"]
[EventDate "2020.10.03"]
[EventType "swiss (blitz)"]
[EventRounds "15"]
[EventCountry "USA"]
[SourceTitle "CBM 198 Extra"]
[Source "ChessBase"]
[SourceDate "2020.11.30"]
[SourceVersion "1"]
[SourceVersionDate "2020.11.30"]
[SourceQuality "1"]

1. c4 e6 2. Nc3 d5 3. e3 c5 4. cxd5 exd5 5. Bb5+ Bd7 6. Bxd7+ Qxd7 7. d4 cxd4 8. exd4 Nc6 9. Nge2 Nf6 10. 0-0 Be7 11. Bg5 0-0 12. Rc1 h6 13. Bh4 Rfd8 14. Qd3 Rac8 15. a3 Re8 16. Rfe1 Ne4 17. Bxe7 Rxe7 18. Qb5 Nxc3 19. bxc3 Rce8 20. Kf1 a6 21. Qd3 Qd6 22. Ng3 Rxe1+ 23. Rxe1 Rxe1+ 24. Kxe1 Qxa3 25. Nf5 Qc1+ 26. Ke2 Qf4 27. g3 Qc7 28. Qe3 Qd7 29. Qf4 Qe6+ 30. Kf1 Kh7 31. Ne3 b5 32. Qf3 Ne7 33. h4 f5 34. h5 Qe4 35. Qxe4 fxe4 36. Ke2 Kg8 37. f3 exf3+ 38. Kxf3 Kf7 39. Kf4 Ke6 40. g4 a5 41. Nc2 Nc6 42. g5 b4 43. cxb4 axb4 44. gxh6 gxh6 45. Ke3 b3 46. Na3 Na5 47. Kd3 Nc4 48. Nb1 b2 49. Kc3 Kf5 50. Kc2 Ke4 51. Nc3+ Kxd4 52. Nb5+ Kc5 53. Nc3 d4 54. Ne4+ Kb4 55. Nf6 Ka3 56. Nd5 d3+ 57. Kb1 Nd2# 0-1

[Event "Speed Chess Super Swiss"]
[Site "Chess.com INT"]
[Date "2020.10.03"]
[Round "9"]
[White "Cezila, Rubens Jr"]
[Black "Mohammad, Nubairshah Shaikh"]
[Result "0-1"]
[WhiteElo "2314"]
[BlackElo "2445"]
[PlyCount "68"]
[EventDate "2020.10.03"]
[EventType "swiss (blitz)"]
[EventRounds "15"]
[EventCountry "USA"]
[SourceTitle "CBM 198 Extra"]
[Source "ChessBase"]
[SourceDate "2020.11.30"]
[SourceVersion "1"]
[SourceVersionDate "2020.11.30"]
[SourceQuality "1"]

1. c4 g6 2. h4 Nf6 3. Nf3 d5 4. cxd5 Bg7 5. Nc3 0-0 6. e4 Bg4 7. Be2 c6 8. dxc6 Nxc6 9. d3 Rc8 10. Be3 Qa5 11. Nd2 Bxe2 12. Qxe2 Nb4 13. Nc4 Qa6 14. 0-0 Nxd3 15. Qxd3 Rfd8 16. Qe2 Qxc4 17. Qxc4 Rxc4 18. f3 a6 19. Rfd1 Rcc8 20. Rac1 Kf8 21. Kf2 Ke8 22. Ne2 Rxd1 23. Rxd1 Nd7 24. Bd4 Bxd4+ 25. Rxd4 Rc2 26. Rb4 Nc5 27. Ke3 b5 28. g4 e5 29. h5 Kd7 30. hxg6 hxg6 31. Nc3 Kd6 32. a4 bxa4 33. Nxa4 a5 34. Rb6+ Kc7 0-1

[Event "Speed Chess Super Swiss"]
[Site "Chess.com INT"]
[Date "2020.10.03"]
[Round "11"]
[White "Czerw, Dawid"]
[Black "Cezila, Rubens Jr"]
[Result "0-1"]
[WhiteElo "2293"]
[BlackElo "2314"]
[PlyCount "70"]
[EventDate "2020.10.03"]
[EventType "swiss (blitz)"]
[EventRounds "15"]
[EventCountry "USA"]
[SourceTitle "CBM 198 Extra"]
[Source "ChessBase"]
[SourceDate "2020.11.30"]
[SourceVersion "1"]
[SourceVersionDate "2020.11.30"]
[SourceQuality "1"]

1. d4 Nf6 2. c4 g6 3. Nc3 Bg7 4. e4 d6 5. Nf3 0-0 6. Be2 Na6 7. 0-0 e5 8. Be3 exd4 9. Nxd4 Nc5 10. f3 a5 11. Kh1 Re8 12. Qd2 h5 13. Rae1 c6 14. Bd1 Nfd7 15. Bc2 Ne5 16. b3 a4 17. Nde2 axb3 18. axb3 Ra3 19. Qc1 Qa5 20. Qb1 Nxc4 21. Bc1 Ra1 22. b4 Qa7 23. bxc5 Rxb1 24. Bxb1 Qxc5 25. Bf4 b5 26. Rc1 Be5 27. Bg5 f6 28. Bh4 Qe3 29. f4 Bxc3 30. Nxc3 Nd2 31. Rfe1 Qxf4 32. Bg3 Qg5 33. Bxd6 Nxb1 34. Rxb1 Qd2 35. Rbc1 Qxd6 0-1

[Event "Speed Chess Super Swiss"]
[Site "Chess.com INT"]
[Date "2020.10.03"]
[Round "8"]
[White "Elgersma, Onno"]
[Black "Cezila, Rubens Jr"]
[Result "0-1"]
[WhiteElo "2298"]
[BlackElo "2314"]
[PlyCount "98"]
[EventDate "2020.10.03"]
[EventType "swiss (blitz)"]
[EventRounds "15"]
[EventCountry "USA"]
[SourceTitle "CBM 198 Extra"]
[Source "ChessBase"]
[SourceDate "2020.11.30"]
[SourceVersion "1"]
[SourceVersionDate "2020.11.30"]
[SourceQuality "1"]

1. e4 c6 2. Nf3 d5 3. Nc3 Bg4 4. h3 Bh5 5. g4 dxe4 6. gxh5 exf3 7. Qxf3 Nf6 8. Bc4 e6 9. d3 h6 10. Rg1 Qa5 11. Qg3 Nxh5 12. Qh2 Nd7 13. Bd2 Qe5+ 14. Qxe5 Nxe5 15. Ke2 Nxc4 16. dxc4 0-0-0 17. Be3 Kb8 18. Ne4 Be7 19. c3 g5 20. Kf3 f5 21. Nc5 Bxc5 22. Bxc5 Rd3+ 23. Ke2 Nf4+ 24. Ke1 Nxh3 25. Rh1 Nf4 26. Rd1 Rhd8 27. Rc1 R3d7 28. Be3 Nd3+ 29. Ke2 Nxc1+ 30. Bxc1 f4 31. b3 Rh7 32. Rh5 Kc7 33. f3 Kd6 34. Ba3+ c5 35. b4 b6 36. Bb2 Ke5 37. Bc1 Kf5 38. Ba3 Kg6 39. Rh1 cxb4 40. cxb4 h5 41. c5 bxc5 42. bxc5 g4 43. Rc1 gxf3+ 44. Kxf3 Rd3+ 45. Kxf4 Rxa3 46. c6 Rc7 47. Rg1+ Kf6 48. Rc1 Ra4+ 49. Kg3 Ra6 0-1

[Event "Speed Chess Super Swiss"]
[Site "Chess.com INT"]
[Date "2020.10.03"]
[Round "1"]
[White "Sava, Christiansen"]
[Black "Cezila, Rubens Jr"]
[Result "1/2-1/2"]
[WhiteElo "2004"]
[BlackElo "2314"]
[PlyCount "109"]
[EventDate "2020.10.03"]
[EventType "swiss (blitz)"]
[EventRounds "15"]
[EventCountry "USA"]
[SourceTitle "CBM 198 Extra"]
[Source "ChessBase"]
[SourceDate "2020.11.30"]
[SourceVersion "1"]
[SourceVersionDate "2020.11.30"]
[SourceQuality "1"]

1. d4 Nf6 2. Nf3 g6 3. e3 Bg7 4. Bd3 0-0 5. 0-0 d6 6. c4 Nbd7 7. Nc3 e5 8. Qc2 Re8 9. dxe5 Nxe5 10. Nxe5 dxe5 11. Be2 c6 12. b3 Qe7 13. Bb2 Bf5 14. e4 Be6 15. Rfd1 Red8 16. a4 h5 17. Ba3 Qe8 18. a5 Bh6 19. Na4 Rxd1+ 20. Rxd1 Rd8 21. Nc5 Bc8 22. b4 Bf8 23. Nb3 b6 24. axb6 axb6 25. c5 b5 26. Bb2 Rxd1+ 27. Bxd1 Bg7 28. Na5 Bd7 29. Be2 h4 30. Nb7 h3 31. g3 Qe6 32. Nd6 Ne8 33. Qd2 Nxd6 34. cxd6 Bf8 35. f4 Bxd6 36. f5 gxf5 37. exf5 Qd5 38. Qe3 Bxf5 39. Bf3 Qa2 40. Qg5+ Bg6 41. Qd8+ Kh7 42. Qxd6 Qxb2 43. Qxc6 Qd4+ 44. Kf1 Bd3+ 45. Be2 Be4 46. Qxb5 Bg2+ 47. Ke1 Qg1+ 48. Kd2 Qxh2 49. Qxe5 Bh1 50. Qh5+ Kg7 51. Qg5+ Kf8 52. Qd8+ Kg7 53. Qg5+ Kf8 54. Qd8+ Kg7 55. Qg5+ 1/2-1/2

[Event "Titled Tuesday intern op 4th Aug 10am"]
[Site "Chess.com INT"]
[Date "2020.08.04"]
[Round "6"]
[White "Cezila, Rubens Jr"]
[Black "Mahalakshmi, Muganda Kumar"]
[Result "0-1"]
[WhiteElo "2314"]
[BlackElo "2253"]
[PlyCount "112"]
[EventDate "2020.08.04"]
[EventType "swiss (blitz)"]
[EventRounds "10"]
[EventCountry "USA"]
[SourceTitle "CBM 197 Extra"]
[Source "ChessBase"]
[SourceDate "2020.09.30"]
[SourceVersion "1"]
[SourceVersionDate "2020.09.30"]
[SourceQuality "1"]

1. c4 e5 2. Nc3 Bb4 3. Nd5 Bc5 4. e3 c6 5. Nc3 Qe7 6. Nge2 Nf6 7. a3 a5 8. d4 exd4 9. exd4 Bb6 10. g3 d5 11. c5 Bc7 12. Bg2 0-0 13. 0-0 Bg4 14. f3 Bf5 15. Nf4 b6 16. Re1 Qd8 17. Na4 Nbd7 18. g4 Bg6 19. h4 Qb8 20. Qd2 bxc5 21. h5 Bc2 22. Nxc5 Nxc5 23. dxc5 Bb3 24. h6 Re8 25. Rxe8+ Qxe8 26. hxg7 Qe7 27. Nd3 Re8 28. Qc3 Bc4 29. Bg5 Bxd3 30. Qxd3 Qxc5+ 31. Kh1 Qd6 32. f4 Nxg4 33. Rf1 Re1 34. Qg3 Rxf1+ 35. Bxf1 h5 36. Be2 Qe6 37. Bxg4 hxg4 38. Qf2 Qe4+ 39. Kg1 Kxg7 40. b3 d4 41. b4 axb4 42. axb4 Bd6 43. Qb2 Qe3+ 44. Kg2 Bxf4 45. Bxf4 Qxf4 46. b5 Qf3+ 47. Kg1 cxb5 48. Qxd4+ Qf6 49. Qc5 Qa1+ 50. Kg2 Qb2+ 51. Kg3 b4 52. Kxg4 Qe2+ 53. Kg3 Qd3+ 54. Kg4 Qe4+ 55. Kg5 f6+ 56. Kh5 Qe5+ 0-1

[Event "Titled Tuesday intern op 21st July"]
[Site "Chess.com INT"]
[Date "2020.07.21"]
[Round "6"]
[White "Cezila, Rubens Jr"]
[Black "Manu David, Suthandram R"]
[Result "0-1"]
[WhiteElo "2314"]
[BlackElo "2360"]
[PlyCount "76"]
[EventDate "2020.07.21"]
[EventType "swiss (blitz)"]
[EventRounds "10"]
[EventCountry "USA"]
[SourceTitle "CBM 197 Extra"]
[Source "ChessBase"]
[SourceDate "2020.09.30"]
[SourceVersion "1"]
[SourceVersionDate "2020.09.30"]
[SourceQuality "1"]

1. c4 Nf6 2. Nc3 e6 3. e3 d5 4. Nf3 c5 5. cxd5 exd5 6. d4 Nc6 7. dxc5 Bxc5 8. Be2 0-0 9. 0-0 Re8 10. Nb5 Ne4 11. Nbd4 Qf6 12. Nxc6 bxc6 13. Qa4 Bb6 14. Bd3 Bg4 15. Nd4 Bd7 16. Qc2 c5 17. Bxe4 Rxe4 18. Ne2 Rae8 19. Ng3 Rh4 20. Rd1 d4 21. exd4 cxd4 22. Bd2 d3 23. Qxd3 Qxf2+ 24. Kh1 Bc6 25. Rg1 Rd8 26. Qc3 Qxd2 27. Qxc6 Bxg1 28. Rxg1 Qxb2 29. Nf5 Rb4 30. Qc7 Rbb8 31. Re1 Qf2 32. Ne7+ Kh8 33. Rg1 Re8 34. Nc6 Rbc8 35. Qd7 a6 36. h3 Qc5 37. Na7 Rcd8 38. Qxf7 Re7 0-1

[Event "Titled Tuesday intern op 21st July"]
[Site "Chess.com INT"]
[Date "2020.07.21"]
[Round "2"]
[White "Nguyen, Ngoc Truong Son"]
[Black "Cezila, Rubens Jr"]
[Result "0-1"]
[WhiteElo "2641"]
[BlackElo "2314"]
[PlyCount "142"]
[EventDate "2020.07.21"]
[EventType "swiss (blitz)"]
[EventRounds "10"]
[EventCountry "USA"]
[SourceTitle "CBM 197 Extra"]
[Source "ChessBase"]
[SourceDate "2020.09.30"]
[SourceVersion "1"]
[SourceVersionDate "2020.09.30"]
[SourceQuality "1"]

1. d4 Nf6 2. Nf3 g6 3. Bf4 Bg7 4. e3 0-0 5. h3 d6 6. Be2 Nbd7 7. 0-0 Re8 8. Bh2 b6 9. c4 Bb7 10. Nc3 Ne4 11. Nxe4 Bxe4 12. Ng5 Bb7 13. Bf3 c6 14. Rc1 h6 15. Ne4 f5 16. Nc3 e5 17. b4 Nf6 18. dxe5 dxe5 19. Qb3 e4 20. Be2 Kh7 21. Rfd1 Qe7 22. Bd6 Qf7 23. c5 Qxb3 24. axb3 b5 25. Bc7 Rac8 26. Ba5 Re7 27. Bf1 Kg8 28. Rd2 Rce8 29. Rcd1 a6 30. Rd6 Kf7 31. g3 Rc8 32. Bd8 Re6 33. Rxe6 Kxe6 34. Rd6+ Ke5 35. Bxf6+ Bxf6 36. Rd7 Ke6 37. Rxb7 Bxc3 38. Rb6 Bxb4 39. Rxa6 Kd5 40. Ra7 Kxc5 41. Rg7 Bc3 42. Rxg6 Kb4 43. Rxh6 Kxb3 44. Rh5 b4 45. Rxf5 c5 46. Bg2 Re8 47. Rxc5 Kc2 48. Rc4 b3 49. Rxe4 Rd8 50. Rc4 b2 51. Be4+ Rd3 52. Kg2 b1Q 53. Rc8 Kd2 54. Rd8 Rxd8 55. Bxb1 Rf8 56. g4 Ke2 57. Bf5 Be1 58. e4 Bxf2 59. e5 Bc5 60. h4 Be7 61. h5 Bg5 62. e6 Ke3 63. Kg3 Kd4 64. Kf3 Ke5 65. Ke2 Kf6 66. Kd3 Rd8+ 67. Kc4 Ke5 68. Kc5 Rc8+ 69. Kb5 Kd5 70. h6 Bxh6 71. e7 Re8 0-1

[Event "Titled Tuesday intern op 21st July"]
[Site "Chess.com INT"]
[Date "2020.07.21"]
[Round "3"]
[White "Ter Sahakyan, Samvel"]
[Black "Cezila, Rubens Jr"]
[Result "1/2-1/2"]
[WhiteElo "2640"]
[BlackElo "2314"]
[PlyCount "130"]
[EventDate "2020.07.21"]
[EventType "swiss (blitz)"]
[EventRounds "10"]
[EventCountry "USA"]
[SourceTitle "CBM 197 Extra"]
[Source "ChessBase"]
[SourceDate "2020.09.30"]
[SourceVersion "1"]
[SourceVersionDate "2020.09.30"]
[SourceQuality "1"]

1. e4 c6 2. d4 d5 3. e5 Bf5 4. Nf3 e6 5. Be2 Nd7 6. 0-0 Bg6 7. c3 Nh6 8. a4 Rc8 9. a5 a6 10. b4 Nf5 11. Nbd2 Be7 12. Nb3 h5 13. Nc5 Rc7 14. Bd3 h4 15. h3 Nf8 16. Nh2 Nh7 17. Ng4 Ng5 18. Ra2 Bh5 19. Qc2 g6 20. Be2 Kf8 21. f4 Bxc5 22. fxg5 Be7 23. Nf6 Bxe2 24. Qxe2 Ng3 25. Qf3 Nxf1 26. Qxf1 Bxf6 27. exf6 Ke8 28. Bf4 Rc8 29. Qe2 Kd7 30. Qe5 Ke8 31. Re2 Qd7 32. Qe3 Rh5 33. Qf3 Kf8 34. Re5 Kg8 35. Qg4 Re8 36. Bd2 Qd8 37. Be1 b6 38. axb6 Qxb6 39. Bxh4 a5 40. bxa5 Qxa5 41. Be1 c5 42. h4 cxd4 43. cxd4 Qb6 44. Kh2 Rc8 45. Qf4 Rc4 46. Bf2 Qc7 47. Qf3 Rc3 48. Qf4 Rc4 49. Qd2 Rc2 50. Qe1 Rc1 51. Qb4 Rc2 52. Qe7 Qxe7 53. fxe7 Rc8 54. Re1 Re8 55. g4 Rh8 56. Bg3 Rxe7 57. Be5 Rxh4+ 58. Kg3 Rh7 59. Ra1 Re8 60. Bf6 Rc8 61. Rb1 Kf8 62. Ra1 Ke8 63. Rb1 Kf8 64. Ra1 Kg8 65. Rb1 Kf8 1/2-1/2

[Event "Titled Tuesday intern op 26th May"]
[Site "Chess.com INT"]
[Date "2020.05.26"]
[Round "7"]
[White "Cezila, Rubens Jr"]
[Black "Nandhidhaa, PV."]
[Result "1-0"]
[WhiteElo "2314"]
[BlackElo "2365"]
[PlyCount "97"]
[EventDate "2020.05.26"]
[EventType "swiss (blitz)"]
[EventRounds "10"]
[EventCountry "USA"]
[SourceTitle "CBM 196 Extra"]
[Source "ChessBase"]
[SourceDate "2020.07.31"]
[SourceVersion "1"]
[SourceVersionDate "2020.07.31"]
[SourceQuality "1"]

1. c4 e5 2. Nc3 Nc6 3. Nf3 f5 4. d3 Nf6 5. g3 Bb4 6. Bg5 0-0 7. Bg2 Bxc3+ 8. bxc3 d6 9. Rb1 h6 10. Bd2 Rb8 11. 0-0 f4 12. gxf4 exf4 13. Bxf4 Nh5 14. Bg3 Nf4 15. Bxf4 Rxf4 16. e3 Rg4 17. Kh1 Qf6 18. Nd4 Nxd4 19. cxd4 Rh4 20. Qf3 Qe7 21. Rg1 Bg4 22. Qg3 b6 23. Bd5+ Kh8 24. f3 Bd7 25. Be4 Rf8 26. Qg6 Rxe4 27. Qxe4 Qf7 28. Rg3 Bf5 29. Qd5 Qd7 30. f4 c6 31. Qg2 Bxd3 32. Rg1 Rf7 33. e4 Bxc4 34. f5 b5 35. f6 g5 36. Rxg5 hxg5 37. Qxg5 Rh7 38. d5 Qf7 39. dxc6 Be6 40. Rg2 Rh5 41. Qg7+ Qxg7 42. Rxg7 Re5 43. Re7 Rxe4 44. c7 Re1+ 45. Kg2 Bd5+ 46. Kf2 Rxe7 47. fxe7 Kg7 48. e8Q Bf7 49. Qe7 1-0

[Event "Titled Tuesday intern op 26th May"]
[Site "Chess.com INT"]
[Date "2020.05.26"]
[Round "10"]
[White "Cezila, Rubens Jr"]
[Black "Vavulin, Maksim"]
[Result "1/2-1/2"]
[WhiteElo "2314"]
[BlackElo "2554"]
[PlyCount "147"]
[EventDate "2020.05.26"]
[EventType "swiss (blitz)"]
[EventRounds "10"]
[EventCountry "USA"]
[SourceTitle "CBM 196 Extra"]
[Source "ChessBase"]
[SourceDate "2020.07.31"]
[SourceVersion "1"]
[SourceVersionDate "2020.07.31"]
[SourceQuality "1"]

1. c4 g6 2. h4 Nf6 3. e3 Bg7 4. Nc3 d6 5. d4 Nc6 6. Nge2 e5 7. d5 Ne7 8. Ng3 h5 9. e4 0-0 10. Be2 Kh8 11. Bg5 Nh7 12. Be3 c5 13. dxc6 bxc6 14. Qd2 Qc7 15. c5 d5 16. exd5 cxd5 17. Nxd5 Nxd5 18. Qxd5 Bb7 19. Qd6 Qxd6 20. cxd6 Bxg2 21. Rg1 Bd5 22. b3 Rfd8 23. Bc5 Bf8 24. Rd1 Be6 25. Ne4 Bf5 26. Nc3 Nf6 27. Bc4 Kg7 28. Nb5 Ne4 29. Ba3 a6 30. Nc7 Ra7 31. Nxa6 Nxd6 32. Be2 Bc8 33. Bc5 Rxa6 34. Bxa6 Bxa6 35. Rg3 f6 36. Rc3 Rc8 37. Bb4 Rxc3 38. Bxc3 Kf7 39. Bb4 Ke6 40. a4 Be7 41. f3 Nf5 42. Bxe7 Kxe7 43. b4 Bb7 44. Kf2 Nxh4 45. b5 Nxf3 46. a5 Nd4 47. a6 Bc8 48. a7 Bb7 49. Ra1 Nxb5 50. Rb1 Nxa7 51. Rxb7+ Ke6 52. Rxa7 Kf5 53. Ra6 Kg5 54. Kg3 f5 55. Re6 e4 56. Re5 h4+ 57. Kh3 Kf4 58. Re8 g5 59. Rg8 e3 60. Rf8 Ke4 61. Kg2 f4 62. Re8+ Kf5 63. Kf3 g4+ 64. Ke2 h3 65. Rh8 Kg5 66. Rh7 Kf5 67. Rh8 Ke4 68. Re8+ Kd4 69. Rd8+ Ke5 70. Re8+ Kf5 71. Rf8+ Kg5 72. Rh8 Kg6 73. Rh4 Kf5 74. Rh8 1/2-1/2

[Event "Titled Tuesday intern op 26th May"]
[Site "Chess.com INT"]
[Date "2020.05.26"]
[Round "8"]
[White "Cezila, Rubens Jr"]
[Black "Zhao, Xue"]
[Result "0-1"]
[WhiteElo "2314"]
[BlackElo "2486"]
[PlyCount "34"]
[EventDate "2020.05.26"]
[EventType "swiss (blitz)"]
[EventRounds "10"]
[EventCountry "USA"]
[SourceTitle "CBM 196 Extra"]
[Source "ChessBase"]
[SourceDate "2020.07.31"]
[SourceVersion "1"]
[SourceVersionDate "2020.07.31"]
[SourceQuality "1"]

1. c4 e5 2. Nc3 Bb4 3. Nd5 Bc5 4. e3 c6 5. Nc3 Nf6 6. Nge2 0-0 7. b3 d5 8. cxd5 cxd5 9. Na4 Bd6 10. Bb2 Nc6 11. Rc1 Bf5 12. d3 Bg6 13. a3 d4 14. e4 Rc8 15. Qd2 Qe7 16. b4 Nxb4 17. Rxc8 Rxc8 0-1

[Event "Titled Tuesday intern op 26th May"]
[Site "Chess.com INT"]
[Date "2020.05.26"]
[Round "1"]
[White "Nihal, Sarin"]
[Black "Cezila, Rubens Jr"]
[Result "1-0"]
[WhiteElo "2620"]
[BlackElo "2314"]
[PlyCount "53"]
[EventDate "2020.05.26"]
[EventType "swiss (blitz)"]
[EventRounds "10"]
[EventCountry "USA"]
[SourceTitle "CBM 196 Extra"]
[Source "ChessBase"]
[SourceDate "2020.07.31"]
[SourceVersion "1"]
[SourceVersionDate "2020.07.31"]
[SourceQuality "1"]

1. e4 c6 2. Bc4 d5 3. Bb3 Nf6 4. e5 Nfd7 5. f4 Nc5 6. Nf3 Bg4 7. h3 Bxf3 8. Qxf3 Qb6 9. Nc3 Nbd7 10. d4 Nxb3 11. axb3 e6 12. Be3 c5 13. 0-0-0 Rc8 14. f5 Be7 15. Rhf1 0-0 16. Qg4 Kh8 17. Kb1 cxd4 18. Bxd4 Bc5 19. Na4 Qc6 20. f6 gxf6 21. Nxc5 Nxc5 22. exf6 Rg8 23. Qe2 Ne4 24. Rf4 Ng3 25. Qf2 Rg6 26. Rg4 Rcg8 27. Qxg3 1-0

[Event "Titled Tuesday intern op 19th May"]
[Site "Chess.com INT"]
[Date "2020.05.19"]
[Round "3"]
[White "Fier, Alexandr"]
[Black "Cezila, Rubens Jr"]
[Result "1-0"]
[WhiteElo "2560"]
[BlackElo "2314"]
[PlyCount "55"]
[EventDate "2020.05.19"]
[EventType "swiss (blitz)"]
[EventRounds "10"]
[EventCountry "USA"]
[SourceTitle "EXT 2021"]
[Source "ChessBase"]
[SourceDate "2020.10.23"]
[SourceVersion "1"]
[SourceVersionDate "2020.10.23"]
[SourceQuality "1"]

1. e4 g6 2. h4 h5 3. Nf3 Bg7 4. d4 d6 5. Ng5 Nc6 6. Be3 Nf6 7. f3 e5 8. d5 Ne7 9. Nc3 Nh7 10. Nxh7 Rxh7 11. Qd2 f5 12. Bg5 a6 13. 0-0-0 Rh8 14. exf5 Bxf5 15. Bd3 Qd7 16. g4 hxg4 17. fxg4 Bxg4 18. Rdf1 Nf5 19. Rhg1 Bh5 20. Ne4 Rf8 21. Kb1 Nd4 22. Ng3 Nf3 23. Rxf3 Rxf3 24. Nxh5 gxh5 25. Bg6+ Kf8 26. Bxh5 e4 27. Bxf3 exf3 28. Bh6 1-0